MARC

LEADER 00000nam0a2200000 4500
001 67300
005 20231031073435.0
035 |a (RuTPU)RU\TPU\book\71663 
090 |a 67300 
100 |a 20040914d1978 k y0rusy50 ca 
101 0 |a rus 
102 |a RU 
105 |a y z 001zy 
200 1 |a Расчет нейтронно-физических характеристик реакторов на быстрых нейтронах  |f М. Н. Зизин 
210 |a Москва  |c Атомиздат  |d 1978 
215 |a 104 с. 
320 |a Библиогр.: с. 96-99 
610 1 |a ядерные реакторы 
610 1 |a нейтронно-физические характеристики 
610 1 |a ядерные реакторы 
610 1 |a уравнения переноса 
610 1 |a решения 
610 1 |a расчеты 
610 1 |a скорости 
610 1 |a возмущений теория 
610 1 |a выбор 
675 |a 621.039.52  |v 3 
700 1 |a Зизин  |b М. Н.  |g Михаил Николаевич 
801 1 |a RU  |b 63413507  |c 20040914  |g PSBO 
801 2 |a RU  |b 63413507  |c 20180321  |g PSBO 
942 |c BK